005020000a22001450004500090001700000245011400017041001300131700002600144700002700170700003800197100003700235942001300272773005400285999001700339 aASbSeriadas10aBeetle pollination and fruit predation of Xanthosoma daguense (Araceae) in an andean cloud forest in Colombia0 aInglés1 aKattan, Gustavo927041 aMurcia, Carolina942111 aQuintero Marín, Paulina91001971 aGarcía Robledo, Carlos9100198 cARTICULO1 tJournal of Tropical Ecologyh4q459-469d2004g20 c15957d15957